Êxtase (Record no. 119786)

MARC details
000 -LÍDER
campo de controle de tamanho fixo 02045 a2200253 4500
001 - NÚMERO DE CONTROLE
campo de controle 119786
020 ## - ISBN - INTERNATIONAL STANDARD BOOK NUMBER
ISBN - International Standard Book Number 9788501089656
040 ## - FONTE DA CATALOGAÇÃO
Instituição que transcreveu o registro Escola Canadense de Niteroi
090 ## - NÚMERO DE CHAMADA LOCAL
Número de chamada (OCLC) (R); Número de chamada, CALL (RLIN) (NR) KAT
100 ## - ENTRADA PRINCIPAL--NOME PESSOAL
Nome pessoal Kate, Lauren
245 10 - TÍTULO
Título Êxtase
250 ## - EDIÇÃO
Edição 1.ed.
260 ## - PUBLICAÇÃO, DISTRIBUIÇÃO, ETC.
Local de publicação, distribuição, etc. Rio de Janeiro
300 ## - DESCRIÇÃO FÍSICA
Extensão 346 p.
Outros detalhes físicos il.
Dimensões 6 x 15 x 2.6 cm (brochura)
362 0# - DATAS DE PUBLICAÇÃO E/OU DESIGNAÇÃO SEQUENCIAL
Datas de publicação e/ou designação sequencial 2012
490 0# - TÍTULO DA SÉRIE
Título da série Fallen
520 ## - NOTA DE RESUMO, ETC
Resumo, etc. Há seis milênios, o anjo Daniel Grigori e a mortal Lucinda Price se reencontram. Vida após vida, existência após existéncia, numa corrida contra o tempo e o destino para quebrar uma maldição esquecida. E poderem, finalmente, ficar juntos.<br/><br/>À sua maneira, cada um carrega um peso quase insuportável no coração. Daniel, o anjo imortal, deve assistir à morte da amada, a cada encarnação, sem poder revelar-lhe os segredos que a libertariam de um destino de dor e a conduziriam à lua e ao calor de seu amor. Para sempre.<br/><br/>Lucinda é assombrada puniembranças desconexas, medos irracionais e uma inabalável certeza: Daniel é o prêmio. Por ele, tudo, tudo vale a pena. Mas o caminho do verdadeiro amor não é feito de flores. E, mesmo com a ajuda de asas, não pode ser percorrido corn rapidez insensata. E nem pode apagar o passado... ou um relacionamento equivocado.<br/><br/>Depois de visitar todas as antigas ""Luces"" ― do Egito dos faraós até a China imemorial, passando pela Itália e América primitiva ―, ela agora está mais peno do que nunca de seu objetivo. Em nenhuma de suas outras vidas aprendeu tanto. Agora ela é forte. Precisa ser. Agora, ela e Daniel chegam ao final de sua provação.<br/><br/>Lucinda precisa recordar quem foi e o que realmente é pra poder lutar sua última batalha. É sua última chance. Será que ela vai conseguir? Será que Luce e Daniel finalmente ficarão juntos? Êxtase termina a saga de Fallen.
650 #4 - ASSUNTO--TERMO TÓPICO
Cabeçalho tópico ou nome geográfico Mistério, Suspense ou Terror
650 #4 - ASSUNTO--TERMO TÓPICO
Cabeçalho tópico ou nome geográfico Mitologia
650 #4 - ASSUNTO--TERMO TÓPICO
Cabeçalho tópico ou nome geográfico Romance
650 #4 - ASSUNTO--TERMO TÓPICO
Cabeçalho tópico ou nome geográfico Seres sobrenaturais
650 #4 - ASSUNTO--TERMO TÓPICO
Cabeçalho tópico ou nome geográfico Literatura para Jovem Adulto
942 ## - ELEMENTOS DE ENTRADA ADICIONADOS (KOHA)
Tipo de material Koha Livros
Holdings
Situação do descarte Situação das perdas Situação física Não pode ser emprestado Biblioteca de origem Biblioteca atual Data de aquisição Total de empréstimos Número de chamada completo Código de barras Data de último acesso Data do preço efetivo Tipo de material Koha
        Canadian School of Niterói - Itacoatiara Canadian School of Niterói - Itacoatiara 09/02/2024   KAT A31418 09/02/2024 09/02/2024 Livros